قانون الإختصاص في أصول المحاكمات الجزائية / (رقم التسجيلة. 88974)

تفاصيل مارك
000 -LEADER
fixed length control field 00618nam a22001817a 4500
005 - DATE AND TIME OF LATEST TRANSACTION
control field 20251108172815.0
008 - FIXED-LENGTH DATA ELEMENTS--GENERAL INFORMATION
fixed length control field 250721s2004 xx 000 0 ara d
082 14 - DEWEY DECIMAL CLASSIFICATION NUMBER
Classification number 345.07/سلي
100 1# - MAIN ENTRY--PERSONAL NAME
Personal name السليمان، صباح مصباح محمود
245 10 - TITLE STATEMENT
Title قانون الإختصاص في أصول المحاكمات الجزائية /
264 1# - PRODUCTION, PUBLICATION, DISTRIBUTION, MANUFACTURE, AND COPYRIGHT NOTICE
Place of production, publication, distribution, manufacture عمان :
Name of producer, publisher, distributor, manufacturer دار الحامد للنشر والتوزيع،
Date of production, publication, distribution, manufacture, or copyright notice 2004.
300 ## - PHYSICAL DESCRIPTION
Extent 185 ص
650 17 - SUBJECT ADDED ENTRY--TOPICAL TERM
Topical term or geographic name as entry element القانون الجنائي
650 17 - SUBJECT ADDED ENTRY--TOPICAL TERM
Topical term or geographic name as entry element المحاكمات
650 17 - SUBJECT ADDED ENTRY--TOPICAL TERM
Topical term or geographic name as entry element الإجراءات الجنائية
942 ## - ADDED ENTRY ELEMENTS (KOHA)
Source of classification or shelving scheme Dewey Decimal Classification
Koha item type كتب
المقتنيات
حالة السحب حالة الفقدان مصدر التصنيف حالة التلف غير قابل للإعارة المكتبة الرئيسية المكتبة الحالية موقع الرف تاريخ التزويد الرقم المتسلسل Total Checkouts رقم الإستدعاء الباركود تاريخ آخر ظهور تاريخ الفاتورة نوع المادة (كوها)
    Dewey Decimal Classification   Not For Loan المكتبة المركزية المكتبة المركزية مقتنيات قسم التزويد 28/07/2025 774101   345.07/سلي 774101 28/07/2025 28/07/2025 كتب
    Dewey Decimal Classification   Not For Loan المكتبة المركزية المكتبة المركزية مقتنيات قسم التزويد 28/07/2025 774102   345.07/سلي 774102 28/07/2025 28/07/2025 كتب
    Dewey Decimal Classification   Not For Loan المكتبة المركزية المكتبة المركزية مقتنيات قسم التزويد 28/07/2025 774103   345.07/سلي 774103 28/07/2025 28/07/2025 كتب
    Dewey Decimal Classification     مكتبة أبو علندا العامة مكتبة أبو علندا العامة الإعارة 28/07/2025 774113   345.07/سلي 774113 28/07/2025 28/07/2025 كتب
    Dewey Decimal Classification     مكتبة أم قصير والمقابلين العامة مكتبة أم قصير والمقابلين العامة الإعارة 28/07/2025 774112   345.07/سلي 774112 28/07/2025 28/07/2025 كتب
    Dewey Decimal Classification     مكتبة الأميرة ايمان العامة مكتبة الأميرة ايمان العامة الإعارة 28/07/2025 774104   345.07/سلي 774104 28/07/2025 28/07/2025 كتب
    Dewey Decimal Classification     مكتبة الاميرة بديعة مكتبة الاميرة بديعة الإعارة 28/07/2025 774107   345.07/سلي 774107 28/07/2025 28/07/2025 كتب
    Dewey Decimal Classification     مكتبة الجويدة مكتبة الجويدة الإعارة 28/07/2025 774108   345.07/سلي 774108 28/07/2025 28/07/2025 كتب
    Dewey Decimal Classification     مكتبة النصر العامة مكتبة النصر العامة الإعارة 28/07/2025 774115   345.07/سلي 774115 28/07/2025 28/07/2025 كتب
    Dewey Decimal Classification     مكتبة حمزة العامة مكتبة حمزة العامة الإعارة 28/07/2025 774110   345.07/سلي 774110 28/07/2025 28/07/2025 كتب
    Dewey Decimal Classification     مكتبة صويلح العامة مكتبة صويلح العامة الإعارة 28/07/2025 774105   345.07/سلي 774105 28/07/2025 28/07/2025 كتب
    Dewey Decimal Classification     مكتبة وادي السير العامة مكتبة وادي السير العامة الإعارة 28/07/2025 774114   345.07/سلي 774114 28/07/2025 28/07/2025 كتب
Implemented & Customized by: BBB with SCIT (Smart Chains for Information Technology)

Powered by Koha